[Event "Madrid-ch Previa B"]
[Site "Madrid"]
[Date "2023.02.03"]
[Round "2.26"]
[White "Lopez Arroyo, Dario"]
[Black "Mosteiro Montoro, Alvaro"]
[Result "0-1"]
[WhiteElo "1361"]
[BlackElo "1506"]
[PlyCount "84"]
[EventDate "2023.02.02"]
[EventType "swiss"]
[EventRounds "9"]
[EventCountry "ESP"]
[SourceTitle "EXT 2024"]
[Source "ChessBase"]
[SourceDate "2023.10.10"]
[SourceVersion "1"]
[SourceVersionDate "2023.10.10"]
[SourceQuality "1"]

1. e4 c5 2. Nf3 Nc6 3. d4 cxd4 4. Nxd4 e5 5. Nf3 Nf6 6. Bd3 d6 7. 0-0 Be7 8. Nbd2 0-0 9. Re1 Bg4 10. h3 Bd7 11. Nf1 h6 12. Ng3 a6 13. Nh4 Nb4 14. Bc4 b5 15. Bb3 a5 16. c3 a4 17. cxb4 axb3 18. Qxb3 Be6 19. Qc3 Nxe4 20. Rxe4 Bxh4 21. a3 d5 22. Re1 d4 23. Qf3 Bxg3 24. Qxg3 Qf6 25. Qxe5 Qxe5 26. Rxe5 Bc4 27. Bf4 Rfe8 28. Rd1 Rxe5 29. Bxe5 d3 30. b3 Bxb3 31. Rxd3 Bc4 32. Rg3 g6 33. f4 Rd8 34. f5 Kh7 35. fxg6+ fxg6 36. Rf3 Re8 37. Bc3 Kg8 38. Rf6 Kh7 39. Rb6 Re7 40. Rb8 g5 41. Rh8+ Kg6 42. Rg8+ Bxg8 0-1